000 00472nmm a2200157Ia 4500
008 251105s9999||||xx |||||||||||||||||und||
020 _a9788431541026
041 _aspa
100 _aDubberley, Emily
245 0 _aSexo y fantasía. ¡Una nueva dimensión!
264 _a[Madrid, España] :
_bDe Vecchi,
_c[Fecha de publicación no identificada]
300 _a0 páginas
650 _aFamily
856 _uhttps://public.digitaliapublishing.com/a/121820
942 _cCF
999 _c81583
_d81583